000 00451nam a2200157Ia 4500
008 230917s9999||||xx |||||||||||||| ||und||
020 _cRS12
040 _e170138
_aMAIN
041 _aEnglish
082 _a891.433711 VG72M
100 _aविमल, गंगा प्रसाद
245 0 _aमरीचिका
260 _aदिल्ली
_bपाण्डुलिपि प्रकाशन
_c1973
300 _a60 p.
942 _cHN
999 _c46038
_d46038